1476 1322 1988 1168 1255 1713 1530 1396 1832 1010 1470 1570 1590 1172 1559 1132 1762 1049 1546 1871 1826 1331 1798 1049 1143 1632 1471 1613 1472 1535 1318 1065 1123 1830 1331 1469 1283 1512 1529 1710 1622 1287 1543 1153 1686 1045 1356 1083 1225 1148 1613 1714 1419 1978 1788 1621 1027 1503 1808 1586 1344 1496 1743 1180 1493 1524 1946 1003 1463 1312 1667 1662 1840 1265 1821 1139 1483 1866 1215 1193 1374 1816 1955 1684 1799 1670 1928 1160 1496 1415 1277 1482 1190 1987 1395 1115 1897 1088 1749 BCNSPRNW ULIB Ver.6.0+V

เปลี่ยนเป็นภาษาไทย

Change to English
 แสดงรายละเอียดบรรณานุกรม
  กลับหน้าหลัก

Brief Record : Get Marc (ISO 2709) : E-mail record : QR code < ปิดหน้าต่าง
LEADER : 00000nam 2200000uu 4500
001    13399110604
003     ULIB
008    110603s2551||||th 000 0 tha d
020    9789741688272
060 04 WQ300^bด153ค 2551
100 0  ดวงกมล ปิ่นเฉลี่ยว
245 10 คู่มือการเรียนรู้ด้วยตนเองเรื่องการคลอดก่อนกำหนด /^cดวงกมล ปิ่นเฉลียว
250    พิมพ์ครั้งที่ 1
260    นนทบุรี :^bโครงการสวัสดิการวิชาการ สถาบันพระบรมราชชนก,^c2551
300    49 หน้า ;^c21 ซม.
650  7 การคลอดก่อนกำหนด
650  7 การเรียนรู้ด้วยตนเอง
710 2  สถาบันพระบรมราชชนก. ^bโครงการสวัสดิการวิชาการ
945    ^p110^l0^i026310
945    ^p110^l0^i026309
945    ^p110^l0^i025662
945    ^p110^l0^i025661
945    ^p110^l0^i025207
945    ^p110^l0^i025206
945    ^p110^l0^i025205
945    ^p110^l0^i025204
945    ^p110^l0^i026311
945    ^p110^l0^i025208
945    ^p110^l0^i025176
995    ทศพร
999 ^a ใช้งานได้ทุกระบบ
รายการนี้ยังไม่มีแท็ก
คุณยังไม่ได้ล็อกอิน คุณสามารถมีกิจกรรมร่วมกับเว็บไซต์ได้ แต่ต้องล็อกอินก่อน ::
  ล็อกอิน

รายการสื่อสารสนเทศ

ลำดับที่ ประเภท เลขเรียก/บาร์โค้ด สถานที่ สถานะ
- ไม่พบข้อมูล -

รายการใกล้เคียง
    หัวเรื่อง [การคลอดก่อนกำหนด]
    หัวเรื่อง [การเรียนรู้ด้วยตนเอง]

BibComment


ยังไม่เคยถูกคอมเมนท์

คอมเมนท์ทรัพยากรรายการนี้
  คอมเมนท์: คู่มือการเรียนรู้..


 Copyright 2026. Bcnsprnw @Library